A green energy vision for the 21st century (Record no. 72481)

MARC details
000 -LEADER
fixed length control field 01636cam a2200265 4500
001 - CONTROL NUMBER
control field ABS66601
008 - FIXED-LENGTH DATA ELEMENTS--GENERAL INFORMATION
fixed length control field 030410n2003 000 0 eng u
035 ## - SYSTEM CONTROL NUMBER
System control number (Sirsi) u121956
100 ## - MAIN ENTRY--PERSONAL NAME
Personal name Boyle, S.
245 #2 - TITLE STATEMENT
Title A green energy vision for the 21st century
260 ## - PUBLICATION, DISTRIBUTION, ETC.
Date of publication, distribution, etc. 2003
490 ## - SERIES STATEMENT
Series statement Environment Information Bulletin
Volume/sequential designation (128) April 2003, 8-11(4)
520 ## - SUMMARY, ETC.
Summary, etc. Feature on the Energy White Paper. published following the Performance Innovation Unit's 2002 energy review. It aims to push the UK towards a low-carbon economy, relying on energy efficiency and renewable energy rather than nuclear power. The White Paper also sets out a strategy to cut carbon dioxide emissions by 60% by 2050. Outlines the key objectives and measures of the white paper which cover renewables, combined heat and power, energy efficiency, transport and institutional change. Provides industry reactions and describes the energy system in 2020. Although the energy industry welcomes many aspects of the White Paper, concerns surrounding implementation remain. View the Energy White Paper at www.dti.gov.uk/energy/whitepaper/index.shtml.
590 ## - LOCAL NOTE (RLIN)
Local note ABS
650 ## - SUBJECT ADDED ENTRY--TOPICAL TERM
Topical term or geographic name entry element RENEWABLE ENERGY
650 ## - SUBJECT ADDED ENTRY--TOPICAL TERM
Topical term or geographic name entry element GOVERNMENT POLICY
650 ## - SUBJECT ADDED ENTRY--TOPICAL TERM
Topical term or geographic name entry element ENERGY POLICY
650 ## - SUBJECT ADDED ENTRY--TOPICAL TERM
Topical term or geographic name entry element LOW-CARBON ECONOMY
650 ## - SUBJECT ADDED ENTRY--TOPICAL TERM
Topical term or geographic name entry element ENERGY EFFICIENT
650 ## - SUBJECT ADDED ENTRY--TOPICAL TERM
Topical term or geographic name entry element CARBON DIOXIDE EMISSIONS
650 ## - SUBJECT ADDED ENTRY--TOPICAL TERM
Topical term or geographic name entry element GREEN ENERGY
690 ## - LOCAL SUBJECT ADDED ENTRY--TOPICAL TERM (OCLC, RLIN)
Topical term or geographic name as entry element ENVIRONMENTAL AND LAND CONSULTANCY-ENERGY-ENERGY USE-ENERGY EFFICIENCY
856 ## - ELECTRONIC LOCATION AND ACCESS
Uniform Resource Identifier <a href="https://www.decc.gov.uk/assets/decc/publications/white_paper_03/file10719.pdf">https://www.decc.gov.uk/assets/decc/publications/white_paper_03/file10719.pdf</a>
Public note View the Energy White Paper 2003 free of charge at www.decc.org.uk
942 ## - ADDED ENTRY ELEMENTS (KOHA)
Suppress in OPAC 0
Holdings
Withdrawn status Lost status Source of classification or shelving scheme Damaged status Not for loan Home library Current library Shelving location Date acquired Total Checkouts Full call number Barcode Date last seen Copy number Price effective from Koha item type
    Dewey Decimal Classification     London London Journal article 10/04/2003   ABS66601 121956-1001 06/08/2019 1 06/08/2019 Journal article